00185nam a22000857a 4500082001700000100001800017245002000035260003500055300000900090 a684.08 HAI'C aHAINES, RAY E aTHE CICULAR SAW aNEWYORKbD. VAN NOSTRANDc1952 a118P